Diccionario de Heavy Metal Latino. (España y Latinoamérica).

Gardado en:
Detalles Bibliográficos
Outros autores: Zona de Obras (coordinación)
Formato: Libro
Idioma:inglés
Publicado: Madrid, España: Sociedad General de Autores y Editores, 2005.
Edición:Primera edición.
Subjects:
Tags: Engadir etiqueta
Sen Etiquetas, Sexa o primeiro en etiquetar este rexistro!

MARC

LEADER 00000nam a22000007a 4500
003 CL-VaPUC
005 20240115115648.0
008 231220t2005 ||||| |||| 00| 0 eng d
999 |c 442795  |d 442793 
020 |a 84-8048-657-0 
040 |c Pontificia Universidad Católica de Valparaíso 
082 |2 22  |a 781.6603 DIC 2005 
245 |a Diccionario de Heavy Metal Latino.   |b (España y Latinoamérica). 
250 |a Primera edición.  
260 |a Madrid, España:  |b Sociedad General de Autores y Editores,  |c 2005. 
300 |a 422 páginas: ilustraciones.  
500 |a c.1 Compra Prof. María Ximena Urbina Carrasco / MEMO HIS/008 12/12/2023. 
583 |c 20231220  |k Yessy Sthefany Diaz Vidal 
650 0 |9 886753  |a Música metal   |x Heavy metal (metal pesado)   |x Bandas musicales   |v Diccionario  |z América Latina   |z España  
650 0 |9 530750  |a Música rock  |x Hard rock, nü-metal, etc.  |x Bandas musicales   |v Diccionario   |z Latinoamerica   |z España 
700 |9 886748  |a Zona de Obras   |e coordinación  
942 |2 ddc  |c BK 
952 |0 0  |1 0  |2 ddc  |4 0  |6 781_660300000000000_DIC_2005  |7 0  |8 A  |9 592990  |a BIBHIS  |b BIBHIS  |c GEN  |d 2023-12-20  |e Compra   |i 5659327  |o 781.6603 DIC 2005  |p 5659327  |r 2025-01-20  |t 1  |w 2023-12-20  |y BK  |k HIS